| 000 | 00558nam a2200181 a 4500 | ||
|---|---|---|---|
| 001 | 000035544 | ||
| 005 | 20200930074424.0 | ||
| 008 | 111103s1978 sp 000 0 spa d | ||
| 020 | _a8470950363 | ||
| 040 |
_aDO-SdBNP _bspa _cBNPHU |
||
| 100 | 1 |
_aDavis, S. _961437 |
|
| 245 | 1 | 3 |
_aLa creación en publicidad / _cS. Davis. |
| 246 | 1 | 4 |
_aLa creación en publicidad : _bimpacto que rompe y transforma |
| 250 | _a5a. ed. | ||
| 260 |
_aBarcelona, España : _bEdiciones de Arte Riera, _c1978. |
||
| 300 |
_a94 p. : _bil. ; _c27 cm. |
||
| 500 | _aTexto a dos columna | ||
| 999 |
_c35035 _d35035 |
||